Notas para el estudio económico de América Latina y el Caribe, 1985 Nicaragua /

Guardat en:
Dades bibliogràfiques
Autor corporatiu: Comisión Económica para América Latina y el Caribe, CEPAL
Format: Text
Publicat: México, D.F.: CEPAL
Etiquetes: Afegir etiqueta
Sense etiquetes, Sigues el primer a etiquetar aquest registre!

MARC

LEADER 00000 a a2200000 04500
001 21165
003
040
090 |a 092000  
110 |a Comisión Económica para América Latina y el Caribe  
245 |a Notas para el estudio económico de América Latina y el Caribe, 1985 Nicaragua /  |c Comisión Económica para América Latina y el Caribe  
260 |a México, D.F.:   |b CEPAL  
300 |a 47 p.  
710 |a CEPAL  
999 |c 787  |d 787